| 000 | 00565nam a22002057a 4500 | ||
|---|---|---|---|
| 003 | OSt | ||
| 005 | 20140310181753.0 | ||
| 008 | 130628t xxu||||| |||| 00| 0 eng d | ||
| 020 | _a9712705994 | ||
| 050 |
_aPL 6141 _b.L957 1997 |
||
| 082 |
_aFIL 899.21 _bL97 2005 |
||
| 100 | _aLumbera, Bienvenido | ||
| 245 |
_aPhilippine Literature : _bA history and Anthology / _cBienvenido Lumbera. |
||
| 250 | _arev. ed. | ||
| 260 |
_aPasig City, Philippines : _bAnvil, _cc1997. |
||
| 300 |
_a440 p. : _c25 cm. |
||
| 562 | _e1 | ||
| 942 |
_2lcc _cBK |
||
| 999 |
_c3318 _d3318 |
||